SLEDOVANIE ÚČINKU DUBOSOLU U MORČIAT

Bibliographic Details
Main Authors: Špronс, Adolf (Author), Peter, Vladimír, 1923-1987 (Author)
Format: Article
Language:Slovak

MARC

LEADER 00000nab a2200000uu 4500
001 vtls011154218
003 SK-MaSNL
005 20260303121451.0
008 230131|1960 xo |||||||||||||||||slo|
015 |a SNBRB 
035 |a (urnnbn)urn:nbn:sk:snk:ar-a0a7is 
035 |a (uuid)5b3cfd8b-8ee8-4953-8842-2405095a8047 
035 |a urn:nbn:sk:snk-abb30b 
040 |a SNKBUCL  |b slo  |c SNKBUCL  |e AACR2 
041 0 |a slo 
044 |a xo  |c SK 
100 1 |a Špronс, Adolf  |4 aut  |9 1135136 
245 1 0 |a SLEDOVANIE ÚČINKU DUBOSOLU U MORČIAT  |c Adolf Špronс, Vladimír Peter 
246 3 |a INVESTIGATION OF THE EFFECTS OF DUBOSOL ON TURKEYS 
700 1 |a Peter, Vladimír,  |d 1923-1987  |4 aut  |9 196363 
773 0 |t Poľnohospodárstvo : časopis pre poľnohospodárske vedy  |g Roč. 7, č. 6 (1960), s. 439-448 
954 |a odborná, vedecká literatúra pôvodná (slovenská)  |2 lita 
958 |a OND 
958 |a EUIPO 
958 |a article14 
999 |c 1915607  |d 1917537